Which Rock Song is Newer? - Statistics

General Stats
  • This quiz has been taken 66 times
  • The average score is 13 of 18
Answer Stats
Question Answer % Correct
Which is newer? Black Hole Sun - Soundgarden
100%
Which is newer? Enter Sandman - Metallica
100%
Which is newer? Every Breath You Take - The Police
100%
Which is newer? Mysterious Ways - U2
100%
Which is newer? Runnin' Down a Dream - Tom Petty
100%
Which is newer? Seven Nation Army - The White Stripes
100%
Which is newer? Should I Stay or Should I Go - The Clash
100%
Which is newer? Sweet Emotion - Aerosmith
100%
Which is newer? Welcome to the Jungle - Guns N' Roses
100%
Which is newer? Bohemian Rhapsody - Queen
50%
Which is newer? Creep - Radiohead
50%
Which is newer? Do I Wanna Know? - Arctic Monkeys
50%
Which is newer? Flagpole Sitta - Harvey Danger
50%
Which is newer? Jumper - Third Eye Blind
50%
Which is newer? Lightning Crashes - Live
50%
Which is newer? Stairway to Heaven - Led Zeppelin
50%
Which is newer? Sultans of Swing - Dire Straits
50%
Which is newer? Here Comes the Sun - The Beatles
0%
No matching quizzes found
Score Distribution
Percent of People with Each Score
Percentile by Number Answered
Your Score History
You have not taken this quiz